[Event "Burlington Staunton Int"]
[Site "London, Chiswick House"]
[Date "1994.10.??"]
[Round "1"]
[White "Olesen, Martin"]
[Black "Carton, Niall"]
[Result "1-0"]
[WhiteElo "2320"]
[BlackElo "2265"]
[PlyCount "47"]
[EventDate "1994.10.??"]
[EventType "tourn"]
[EventRounds "15"]
[EventCountry "ENG"]
[SourceTitle "StarBase 4.56"]
[SourceDate "2004.11.04"]
[SourceVersion "1"]
[SourceVersionDate "2004.11.04"]
[SourceQuality "2"]

1. e4 e6 2. d4 d5 3. e5 c5 4. c3 Nc6 5. Nf3 Qb6 6. a3 a5 7. Bd3 Bd7 8. O-O f5
9. Nbd2 cxd4 10. c4 Nge7 11. b3 Qc7 12. Re1 dxc4 13. Nxc4 Nd5 14. Bxf5 exf5 15.
Nd6+ Kd8 16. Bg5+ Be7 17. Nf7+ Kc8 18. Bxe7 Be6 19. Nxh8 Qxe7 20. Nxd4 Kc7 21.
Qc2 Rxh8 22. Rac1 Qd7 23. Qc5 Rc8 24. Qd6+ 1-0

[Event "Burlington Staunton Int"]
[Site "London, Chiswick House"]
[Date "1994.10.??"]
[Round "1"]
[White "Whiteley, Andrew Jonathan"]
[Black "Anagnostopoulos, Dimitrios"]
[Result "0-1"]
[WhiteElo "2305"]
[BlackElo "2425"]
[PlyCount "44"]
[EventDate "1994.10.??"]
[EventType "tourn"]
[EventRounds "15"]
[EventCountry "ENG"]
[SourceTitle "BritBase"]
[Source "John Saunders"]
[SourceDate "2023.06.01"]
[SourceVersion "1"]
[SourceVersionDate "2023.06.01"]
[SourceQuality "1"]

1. d4 Nf6 2. c4 e5 3. dxe5 Ng4 4. Nf3 Bc5 5. e3 Nc6 6. Be2 O-O 7. O-O Ncxe5 8.
Nxe5 Nxe5 9. Nc3 Re8 10. b3 a5 11. Bb2 Ra6 12. Ne4 Ba7 13. Qd5 Rae6 14. Qxa5
Bb6 15. Qc3 Qh4 16. f4 Rh6 17. h3 d5 18. Ng5 Qg3 19. c5 Bxh3 20. Nxh3 Rxh3 21.
Qe1 Qh2+ 22. Kf2 Bxc5 0-1

[Event "Burlington Staunton Int"]
[Site "London, Chiswick House"]
[Date "1994.10.??"]
[Round "3"]
[White "Beaumont, Chris R"]
[Black "Dunworth, Christopher N"]
[Result "0-1"]
[WhiteElo "2365"]
[BlackElo "2245"]
[PlyCount "74"]
[EventDate "1994.10.??"]
[EventType "tourn"]
[EventRounds "15"]
[EventCountry "ENG"]
[SourceTitle "BritBase"]
[Source "John Saunders"]
[SourceDate "2023.06.01"]
[SourceVersion "1"]
[SourceVersionDate "2023.06.01"]
[SourceQuality "1"]

1. Nf3 d6 2. d4 Bg4 3. e4 Nf6 4. Nc3 e6 5. h3 Bh5 6. Qe2 c6 7. g4 Bg6 8. h4 h6
9. h5 Bh7 10. g5 hxg5 11. Bxg5 Qa5 12. O-O-O d5 13. Bxf6 gxf6 14. Nd2 Bh6 15.
f3 Nd7 16. Kb1 O-O-O 17. Nb3 Qb6 18. Qe1 Kb8 19. Bd3 Rdg8 20. exd5 cxd5 21. Na4
Qd6 22. Nac5 Ka8 23. Nxd7 Qxd7 24. Bxh7 Rxh7 25. Rg1 Rgh8 26. Rh1 b6 27. Qg3
Rg7 28. Qh4 Rg5 29. f4 Rf5 30. Rdf1 Qc7 31. Nc1 Bxf4 32. Nd3 Bg5 33. Qh3 Rxf1+
34. Rxf1 Qc4 35. Qg4 Rc8 36. Rf2 Be3 37. Rh2 Qxd3 0-1

[Event "Burlington Staunton Int"]
[Site "London, Chiswick House"]
[Date "1994.10.??"]
[Round "3"]
[White "McDonald, Neil R"]
[Black "Abbasi, Nasser M"]
[Result "1-0"]
[WhiteElo "2390"]
[BlackElo "2275"]
[PlyCount "81"]
[EventDate "1994.10.??"]
[EventType "tourn"]
[EventRounds "15"]
[EventCountry "ENG"]
[SourceTitle "BritBase"]
[Source "John Saunders"]
[SourceDate "2023.06.01"]
[SourceVersion "1"]
[SourceVersionDate "2023.06.01"]
[SourceQuality "1"]

1. e4 c5 2. Nf3 d6 3. d4 cxd4 4. Nxd4 Nf6 5. Nc3 a6 6. Bg5 e6 7. f4 Be7 8. Qf3
Qc7 9. O-O-O Nbd7 10. g4 b5 11. Bxf6 Nxf6 12. g5 Nd7 13. f5 Bxg5+ 14. Kb1 Ne5
15. Qh5 Qd8 16. Nxe6 Bxe6 17. fxe6 g6 18. exf7+ Kxf7 19. Qh3 Ra7 20. Ne2 Re7
21. Nd4 Qc8 22. Qb3+ Nc4 23. Bxc4+ Qxc4 24. Rhf1+ Kg7 25. Qg3 h6 26. h4 Rxe4
27. b3 Qc5 28. Qf3 Rhe8 29. hxg5 Qxg5 30. Qf7+ Kh8 31. Rg1 R4e7 32. Rxg5 Rxf7
33. Rxg6 h5 34. Rxd6 Rh7 35. Nf5 Rg8 36. R1d4 Rf7 37. Rh6+ Rh7 38. Rxa6 Rf8 39.
Rf6 Rhf7 40. Rxf7 Rxf7 41. Ng3 1-0

[Event "Burlington Staunton Int"]
[Site "London, Chiswick House"]
[Date "1994.10.??"]
[Round "4"]
[White "Dunworth, Christopher N"]
[Black "Holland, Christopher KD"]
[Result "1-0"]
[WhiteElo "2245"]
[BlackElo "2220"]
[PlyCount "53"]
[EventDate "1994.10.??"]
[EventType "tourn"]
[EventRounds "15"]
[EventCountry "ENG"]
[SourceTitle "BritBase"]
[Source "John Saunders"]
[SourceDate "2023.06.01"]
[SourceVersion "1"]
[SourceVersionDate "2023.06.01"]
[SourceQuality "1"]

1. d4 d5 2. Bg5 f6 3. Bh4 Nh6 4. c4 c5 5. e3 cxd4 6. exd4 Nc6 7. Nc3 dxc4 8. d5
Na5 9. Bxc4 Nxc4 10. Qa4+ Bd7 11. Qxc4 Rc8 12. Qb3 Nf5 13. Nf3 g5 14. Bg3 g4
15. Nd2 Nd4 16. Qd1 Qb6 17. O-O Qxb2 18. Nde4 Nf5 19. Rb1 Qa3 20. Rb3 Qa6 21.
d6 Nxd6 22. Bxd6 exd6 23. Nxf6+ Kd8 24. Nxd7 Kxd7 25. Nd5 h5 26. Qb1 Bh6 27.
Qf5+ 1-0

[Event "Burlington Staunton Int"]
[Site "London, Chiswick House"]
[Date "1994.10.??"]
[Round "6"]
[White "Dunworth, Christopher N"]
[Black "Franklin, Michael J"]
[Result "1-0"]
[WhiteElo "2245"]
[BlackElo "2275"]
[PlyCount "41"]
[EventDate "1994.10.??"]
[EventType "tourn"]
[EventRounds "15"]
[EventCountry "ENG"]
[SourceTitle "BritBase"]
[Source "John Saunders"]
[SourceDate "2023.06.01"]
[SourceVersion "1"]
[SourceVersionDate "2023.06.01"]
[SourceQuality "1"]

1. d4 Nf6 2. Bg5 e6 3. e4 h6 4. Bxf6 Qxf6 5. Nc3 d6 6. Qd2 g6 7. O-O-O Nd7 8.
Nb5 Qd8 9. Qc3 c6 10. d5 cxb5 11. Qxh8 e5 12. Bxb5 Qa5 13. Bc4 Qc5 14. Bd3 b5
15. Ne2 b4 16. Kb1 a5 17. f4 a4 18. Rhf1 Ba6 19. Bxa6 Rxa6 20. fxe5 Nxe5 21.
Nd4 1-0

[Event "Burlington Staunton Int"]
[Site "London, Chiswick House"]
[Date "1994.10.??"]
[Round "12"]
[White "Dunworth, Christopher N"]
[Black "Carton, Niall"]
[Result "1-0"]
[WhiteElo "2245"]
[BlackElo "2265"]
[PlyCount "51"]
[EventDate "1994.10.??"]
[EventType "tourn"]
[EventRounds "15"]
[EventCountry "ENG"]
[SourceTitle "BritBase"]
[Source "John Saunders"]
[SourceDate "2023.06.01"]
[SourceVersion "1"]
[SourceVersionDate "2023.06.01"]
[SourceQuality "1"]

1. d4 e6 2. e4 d5 3. e5 c5 4. c3 Nc6 5. Nf3 Qb6 6. a3 a5 7. Bd3 Bd7 8. O-O cxd4
9. cxd4 Nxd4 10. Nxd4 Qxd4 11. Nc3 a4 12. Nb5 Qxe5 13. Re1 Qb8 14. Qf3 Bd6 15.
Qxd5 Bxh2+ 16. Kh1 Ne7 17. Qg5 Bc6 18. Bd2 Bd6 19. Rad1 Ng6 20. Nxd6+ Qxd6 21.
Bb4 Qf4 22. Qc5 Rc8 23. Kg1 Qc7 24. Qg5 Qf4 25. Rxe6+ fxe6 26. Bxg6+ 1-0

[Event "Burlington Staunton Int"]
[Site "London, Chiswick House"]
[Date "1994.10.??"]
[Round "12"]
[White "McDonald, Neil R"]
[Black "Britton, Richard L"]
[Result "1-0"]
[WhiteElo "2390"]
[BlackElo "2300"]
[PlyCount "61"]
[EventDate "1994.10.??"]
[EventType "tourn"]
[EventRounds "15"]
[EventCountry "ENG"]
[SourceTitle "BritBase"]
[Source "John Saunders"]
[SourceDate "2023.06.01"]
[SourceVersion "1"]
[SourceVersionDate "2023.06.01"]
[SourceQuality "1"]

1. e4 c5 2. Nf3 d6 3. d4 cxd4 4. Nxd4 Nf6 5. Nc3 a6 6. Bg5 e6 7. f4 Be7 8. Qf3
Qc7 9. O-O-O Nbd7 10. g4 b5 11. Bxf6 Bxf6 12. g5 Be7 13. f5 Bxg5+ 14. Kb1 Ne5
15. Qh5 Qd8 16. Rg1 h6 17. fxe6 g6 18. exf7+ Kf8 19. Qe2 Rh7 20. Nf3 Bg4 21.
Rxg4 Nxg4 22. e5 Ne3 23. Rxd6 Qe7 24. Nxg5 Qxg5 25. Qf3 Rc8 26. e6 Qe5 27. Qb7
Qc5 28. Bh3 Nc4 29. e7+ Kxf7 30. Be6+ Ke8 31. Qd7# 1-0

[Event "Burlington Staunton Int"]
[Site "London, Chiswick House"]
[Date "1994.10.??"]
[Round "?"]
[White "Abbasi, Nasser M"]
[Black "Franklin, Michael J"]
[Result "1/2-1/2"]
[WhiteElo "2275"]
[BlackElo "2275"]
[PlyCount "92"]
[EventDate "1994.10.??"]
[EventType "tourn"]
[EventRounds "15"]
[EventCountry "ENG"]
[SourceTitle "BritBase"]
[Source "John Saunders"]
[SourceDate "2023.06.01"]
[SourceVersion "1"]
[SourceVersionDate "2023.06.01"]
[SourceQuality "1"]

1. e4 c5 2. Nf3 a6 3. c3 d5 4. exd5 Qxd5 5. d4 e6 6. Be2 Nf6 7. O-O Nc6 8. Be3
cxd4 9. cxd4 Be7 10. Nc3 Qa5 11. a3 O-O 12. b4 Qd8 13. Qb3 b5 14. Rfd1 Bb7 15.
Ne1 Nb8 16. Bf3 Bxf3 17. Nxf3 Nbd7 18. d5 exd5 19. Nxd5 Nxd5 20. Rxd5 Qc8 21.
Nd4 Nf6 22. Rg5 Ng4 23. Rc1 Qd7 24. Rd5 Qb7 25. Nf5 Nxe3 26. Qxe3 Bf6 27. Rcd1
Rfe8 28. Qd3 Qc6 29. Nd6 Re6 30. Ne4 Rae8 31. f3 Be7 32. g4 h6 33. Kg2 Bf8 34.
Rd2 Re5 35. Rxe5 Rxe5 36. Rc2 Qe8 37. h4 f5 38. Ng3 fxg4 39. fxg4 Re3 40. Qd5+
Kh8 41. Rf2 Rxa3 42. Nh5 Qc8 43. Qe4 Rb3 44. Nf4 Qxg4+ 45. Kf1 Qd1+ 46. Kg2
Qg4+ 1/2-1/2

[Event "Burlington Staunton Int"]
[Site "London, Chiswick House"]
[Date "1994.10.??"]
[Round "?"]
[White "Beaumont, Chris R"]
[Black "Franklin, Michael J"]
[Result "0-1"]
[WhiteElo "2365"]
[BlackElo "2275"]
[PlyCount "138"]
[EventDate "1994.10.??"]
[EventType "tourn"]
[EventRounds "15"]
[EventCountry "ENG"]
[SourceTitle "BritBase"]
[Source "John Saunders"]
[SourceDate "2023.06.01"]
[SourceVersion "1"]
[SourceVersionDate "2023.06.01"]
[SourceQuality "1"]

1. c4 Nf6 2. g3 d6 3. Bg2 Nbd7 4. Nf3 c5 5. O-O g6 6. d4 Bg7 7. Nc3 O-O 8. b3
Rb8 9. Bb2 a6 10. Rc1 b6 11. Qd2 Bb7 12. d5 b5 13. Qc2 bxc4 14. bxc4 Bc8 15.
Nd2 Nb6 16. e4 Bd7 17. Ba1 Ng4 18. Qd3 Ne5 19. Qe2 Qc8 20. Nd1 Na4 21. Nb3 Rb4
22. Ne3 f6 23. f4 Ng4 24. Nd1 e5 25. dxe6 Bxe6 26. f5 gxf5 27. exf5 Bxf5 28.
Bd5+ Kh8 29. Rxf5 Qxf5 30. Be6 Re8 31. Bxf5 Rxe2 32. Bxg4 Rxa2 33. Na5 Rxa1 34.
Rxa1 f5 35. Rc1 fxg4 36. Nc6 Rb6 37. Ne7 Bd4+ 38. Kf1 Rb7 39. Nd5 Nb2 40. N1e3
Nd3 41. Rd1 Ne5 42. Nc2 Rf7+ 43. Ke1 Nf3+ 44. Ke2 Be5 45. Rh1 Nd4+ 46. Nxd4
Bxd4 47. Kd3 Rf2 48. Ke4 a5 49. Rb1 Rb2 50. Rf1 Kg7 51. Nf4 Rxh2 52. Ne6+ Kg6
53. Nxd4 cxd4 54. Ra1 Rh5 55. Kxd4 Rc5 56. Rb1 Rc6 57. Ra1 Ra6 58. Kc3 a4 59.
Kb4 Rb6+ 60. Ka3 Rb3+ 61. Kxa4 Rxg3 62. Rd1 h5 63. Rxd6+ Kg5 64. c5 Rc3 65. Kb4
Rc1 66. c6 g3 67. Rd5+ Kg4 68. Rd4+ Kh3 69. Rc4 Rb1+ 0-1

[Event "Burlington Staunton Int"]
[Site "London, Chiswick House"]
[Date "1994.10.??"]
[Round "?"]
[White "Dive, Russell John"]
[Black "Franklin, Michael J"]
[Result "1-0"]
[WhiteElo "2315"]
[BlackElo "2275"]
[PlyCount "103"]
[EventDate "1994.10.??"]
[EventType "tourn"]
[EventRounds "15"]
[EventCountry "ENG"]
[SourceTitle "BritBase"]
[Source "John Saunders"]
[SourceDate "2023.06.01"]
[SourceVersion "1"]
[SourceVersionDate "2023.06.01"]
[SourceQuality "1"]

1. d4 Nf6 2. c4 e6 3. Nc3 Bb4 4. Qc2 Nc6 5. Nf3 d6 6. a3 Bxc3+ 7. Qxc3 Ne4 8.
Qc2 f5 9. e3 O-O 10. Bd3 Ng5 11. Nxg5 Qxg5 12. O-O Qh5 13. f4 a5 14. b3 Bd7 15.
Bb2 d5 16. Be2 Qf7 17. g4 Ne7 18. g5 a4 19. c5 Qe8 20. b4 Bb5 21. Rfc1 Nc8 22.
Bf3 Na7 23. Qd1 Qd8 24. Rc2 Be8 25. Rac1 Bb5 26. Rg2 Re8 27. Rg3 Re7 28. Rh3
Be8 29. Rc2 Nb5 30. Rg2 Qd7 31. Rh4 Ra7 32. Rg3 Bg6 33. Qf1 Re8 34. Rgh3 c6 35.
Qe1 Rea8 36. Bh5 Nc7 37. Bxg6 hxg6 38. Rh7 Kf7 39. R3h6 Rg8 40. Qh4 Ne8 41.
Rxg6 Ke7 42. Rgh6 Kd8 43. Rh8 Rxh8 44. Rxh8 Qe7 45. Qh5 Kd7 46. Qg6 Ra8 47. Rg8
Rc8 48. h4 Rc7 49. Bc3 Kd8 50. h5 Qf7 51. Qxf7 Rxf7 52. Be1 1-0

[Event "Burlington Staunton Int"]
[Site "London, Chiswick House"]
[Date "1994.10.??"]
[Round "?"]
[White "Franklin, Michael J"]
[Black "Olesen, Martin"]
[Result "0-1"]
[WhiteElo "2275"]
[BlackElo "2320"]
[PlyCount "58"]
[EventDate "1994.10.??"]
[EventType "tourn"]
[EventRounds "15"]
[EventCountry "ENG"]
[SourceTitle "StarBase 4.56"]
[SourceDate "2004.11.04"]
[SourceVersion "1"]
[SourceVersionDate "2004.11.04"]
[SourceQuality "2"]

1. c4 Nf6 2. Nc3 c5 3. e3 g6 4. g3 d5 5. cxd5 Nxd5 6. Nxd5 Qxd5 7. Qf3 Qd8 8.
Bg2 Nc6 9. a3 Bg7 10. Qe2 Ne5 11. Be4 c4 12. f4 Nd3+ 13. Bxd3 cxd3 14. Qg2 Be6
15. Nf3 Qd7 16. Qf2 O-O 17. O-O Rac8 18. Re1 Rc2 19. e4 Rfc8 20. e5 f6 21. Qe3
fxe5 22. Nxe5 Bxe5 23. Qxe5 Bh3 24. Qe4 e5 25. b3 exf4 26. gxf4 Rf8 27. a4 Qg4+
28. Kh1 Qxf4 29. Qxd3 Bg2+ 0-1

[Event "Burlington Staunton Int"]
[Site "London, Chiswick House"]
[Date "1994.10.??"]
[Round "?"]
[White "Franklin, Michael J"]
[Black "Anagnostopoulos, Dimitrios"]
[Result "0-1"]
[WhiteElo "2275"]
[BlackElo "2425"]
[PlyCount "68"]
[EventDate "1994.10.??"]
[EventType "tourn"]
[EventRounds "15"]
[EventCountry "ENG"]
[SourceTitle "BritBase"]
[Source "John Saunders"]
[SourceDate "2023.06.01"]
[SourceVersion "1"]
[SourceVersionDate "2023.06.01"]
[SourceQuality "1"]

1. c4 Nf6 2. Nc3 c5 3. g3 e6 4. Bg2 d5 5. d3 d4 6. Nb1 e5 7. Nf3 Nc6 8. O-O Be7
9. b4 cxb4 10. a3 O-O 11. axb4 Bxb4 12. Ba3 Bxa3 13. Nxa3 Bg4 14. h3 Bh5 15.
Nd2 Re8 16. g4 Bg6 17. f4 exf4 18. Rxf4 h5 19. g5 Nd7 20. h4 Nde5 21. Nc2 Ng4
22. Nf1 Qd6 23. Rf3 Re7 24. Rg3 Rae8 25. Bf3 Qf4 26. Qc1 Ne3 27. Rh3 Bf5 28.
Rh2 Ne5 29. Bxh5 N5g4 30. Ncxe3 dxe3 31. Bxg4 Qxg4+ 32. Rg2 Qxh4 33. Nh2 Bxd3
34. exd3 e2 0-1

[Event "Burlington Staunton Int"]
[Site "London, Chiswick House"]
[Date "1994.10.??"]
[Round "?"]
[White "Franklin, Michael J"]
[Black "Carton, Niall"]
[Result "0-1"]
[WhiteElo "2275"]
[BlackElo "2265"]
[PlyCount "48"]
[EventDate "1994.10.??"]
[EventType "tourn"]
[EventRounds "15"]
[EventCountry "ENG"]
[SourceTitle "BritBase"]
[Source "John Saunders"]
[SourceDate "2023.06.01"]
[SourceVersion "1"]
[SourceVersionDate "2023.06.01"]
[SourceQuality "1"]

1. d4 e6 2. Nf3 Nf6 3. e3 b6 4. Nbd2 Bb7 5. Bd3 c5 6. c3 Nc6 7. O-O Rc8 8. Qe2
cxd4 9. exd4 Be7 10. Re1 O-O 11. h3 h6 12. Nf1 Qc7 13. N1h2 Nd5 14. Ne5 Nxe5
15. dxe5 f5 16. Nf3 Rce8 17. Bd2 Qb8 18. Rad1 d6 19. Bb5 Rd8 20. c4 Nc7 21.
exd6 Bxd6 22. Nd4 Bh2+ 23. Kh1 Rxd4 24. Bc3 Re4 0-1

[Event "Burlington Staunton Int"]
[Site "London, Chiswick House"]
[Date "1994.10.??"]
[Round "?"]
[White "Franklin, Michael J"]
[Black "Maduekwe, Chiedu"]
[Result "1-0"]
[WhiteElo "2275"]
[BlackElo "2235"]
[PlyCount "115"]
[EventDate "1994.10.??"]
[EventType "tourn"]
[EventRounds "15"]
[EventCountry "ENG"]
[SourceTitle "BritBase"]
[Source "John Saunders"]
[SourceDate "2023.06.01"]
[SourceVersion "1"]
[SourceVersionDate "2023.06.01"]
[SourceQuality "1"]

1. d4 d5 2. Nf3 Nf6 3. e3 g6 4. c4 c6 5. Nc3 Bg7 6. Be2 O-O 7. O-O a6 8. a4
dxc4 9. Bxc4 c5 10. d5 Qc7 11. e4 Bg4 12. h3 Bxf3 13. Qxf3 Nfd7 14. Bf4 Qb6 15.
Qe2 Ne5 16. a5 Qd8 17. Bb3 b5 18. axb6 Qxb6 19. Ra3 a5 20. Be3 Na6 21. f4 Nd7
22. e5 g5 23. e6 gxf4 24. exf7+ Kh8 25. Rxf4 Ne5 26. Ne4 Rxf7 27. Rxf7 Nxf7 28.
Bc4 Bd4 29. Bxa6 Rxa6 30. Qf2 Qg6 31. Bxd4+ cxd4 32. Qxd4+ Qg7 33. Qxg7+ Kxg7
34. b4 a4 35. Nc5 Rd6 36. Rg3+ Kh6 37. Nxa4 Rxd5 38. Nc3 Rd4 39. b5 Rb4 40. Re3
e5 41. Re4 Rb3 42. Rc4 Kg5 43. h4+ Kh5 44. Kh2 Nh6 45. Kh3 Ng4 46. Rxg4 Rxc3+
47. Rg3 Rc5 48. Rb3 Kg6 49. b6 Rc8 50. b7 Rb8 51. g4 Kf6 52. Kg3 Ke6 53. Kf3
Kd5 54. Ke3 Kc4 55. Rb1 Kd5 56. g5 e4 57. h5 Ke5 58. Rb5+ 1-0

[Event "Burlington Staunton Int"]
[Site "London, Chiswick House"]
[Date "1994.10.??"]
[Round "?"]
[White "Franklin, Michael J"]
[Black "Rayner, Francis"]
[Result "1-0"]
[WhiteElo "2275"]
[BlackElo "2285"]
[PlyCount "105"]
[EventDate "1994.10.??"]
[EventType "tourn"]
[EventRounds "15"]
[EventCountry "ENG"]
[SourceTitle "BritBase"]
[Source "John Saunders"]
[SourceDate "2023.06.01"]
[SourceVersion "1"]
[SourceVersionDate "2023.06.01"]
[SourceQuality "1"]

1. d4 g6 2. Nf3 Bg7 3. c3 d6 4. Bf4 Nd7 5. e3 e5 6. Bg3 e4 7. Nfd2 Ngf6 8. Be2
O-O 9. Qc2 Re8 10. c4 Nf8 11. Nc3 Bf5 12. Bh4 c5 13. d5 Qa5 14. h3 h5 15. Rg1
N8h7 16. g4 g5 17. Bxg5 hxg4 18. hxg4 Bg6 19. Bf4 Qb6 20. Nf1 Nd7 21. Ng3 Be5
22. Nh5 Qd8 23. Bxe5 Rxe5 24. Nf4 Qe7 25. Nxg6 fxg6 26. O-O-O Kg7 27. Rdf1 Ng5
28. Bd1 Rf8 29. Ne2 b5 30. b3 bxc4 31. bxc4 Rb8 32. Nf4 Nf8 33. Qc3 Qb7 34. Bb3
Qb4 35. Qxb4 Rxb4 36. Kc2 Re7 37. Kc3 Nd7 38. Rb1 Ne5 39. a3 Rb8 40. Bc2 Reb7
41. Rxb7+ Rxb7 42. Ne6+ Nxe6 43. dxe6 Re7 44. Bxe4 Rxe6 45. Bd5 Re7 46. g5 Nd7
47. Rd1 Nb6 48. Bc6 Re5 49. Rxd6 Rxg5 50. a4 Rf5 51. a5 Nc8 52. Rd2 Kf6 53. Bd7
1-0

[Event "Burlington Staunton Int"]
[Site "London, Chiswick House"]
[Date "1994.10.??"]
[Round "?"]
[White "Franklin, Michael J"]
[Black "Britton, Richard L"]
[Result "1/2-1/2"]
[WhiteElo "2275"]
[BlackElo "2300"]
[PlyCount "43"]
[EventDate "1994.10.??"]
[EventType "tourn"]
[EventRounds "15"]
[EventCountry "ENG"]
[SourceTitle "BritBase"]
[Source "John Saunders"]
[SourceDate "2023.06.01"]
[SourceVersion "1"]
[SourceVersionDate "2023.06.01"]
[SourceQuality "1"]

1. c4 Nf6 2. Nc3 g6 3. g3 Bg7 4. Bg2 O-O 5. e3 d6 6. Nge2 e5 7. O-O Re8 8. d3
c6 9. b3 d5 10. Bb2 dxc4 11. dxc4 Nbd7 12. Qc2 a5 13. Rad1 Qc7 14. Ba3 Bf8 15.
Bxf8 Nxf8 16. Qd2 Ne6 17. Qd6 Qxd6 18. Rxd6 Kg7 19. Na4 Ra6 20. Nec3 Nd7 21.
Rfd1 Ndc5 22. Bf1 1/2-1/2

[Event "Burlington Staunton Int"]
[Site "London, Chiswick House"]
[Date "1994.10.??"]
[Round "?"]
[White "Holland, Christopher KD"]
[Black "Franklin, Michael J"]
[Result "1-0"]
[WhiteElo "2220"]
[BlackElo "2275"]
[PlyCount "103"]
[EventDate "1994.10.??"]
[EventType "tourn"]
[EventRounds "15"]
[EventCountry "ENG"]
[SourceTitle "BritBase"]
[Source "John Saunders"]
[SourceDate "2023.06.01"]
[SourceVersion "1"]
[SourceVersionDate "2023.06.01"]
[SourceQuality "1"]

1. c4 Nf6 2. Nc3 c5 3. Nf3 d6 4. g3 b6 5. Bg2 Bb7 6. O-O e6 7. d4 Be7 8. d5 e5
9. e4 O-O 10. Ne1 Ne8 11. f4 exf4 12. gxf4 Bf6 13. Nf3 Bxc3 14. bxc3 f6 15. Bh3
Nc7 16. a4 Bc8 17. Bxc8 Qxc8 18. Ra2 Nd7 19. Nh4 Rf7 20. Rg2 Qf8 21. Qh5 Re8
22. Nf5 Kh8 23. Nxd6 Qxd6 24. Qxf7 Re7 25. e5 Rxf7 26. exd6 Ne8 27. Re1 Nxd6
28. Re6 Nxc4 29. Rge2 Kg8 30. Re8+ Rf8 31. R8e7 Rf7 32. Kf2 f5 33. Re8+ Rf8 34.
Rxf8+ Kxf8 35. Re6 Kf7 36. Rc6 Ke7 37. Ke2 Kd8 38. Kd3 Na5 39. Re6 c4+ 40. Kd4
Nc5 41. Re1 Nd3 42. Rg1 Nxc1 43. Rxg7 Ne2+ 44. Ke5 Nxc3 45. Ke6 Nxa4 46. Rg8+
Kc7 47. d6+ Kb7 48. d7 Nc5+ 49. Kd6 Nc6 50. Rc8 Nxd7 51. Rc7+ Kb8 52. Kxc6 1-0

[Event "Burlington Staunton Int"]
[Site "London, Chiswick House"]
[Date "1994.10.??"]
[Round "?"]
[White "McDonald, Neil R"]
[Black "Franklin, Michael J"]
[Result "1-0"]
[WhiteElo "2390"]
[BlackElo "2275"]
[PlyCount "63"]
[EventDate "1994.10.??"]
[EventType "tourn"]
[EventRounds "15"]
[EventCountry "ENG"]
[SourceTitle "BritBase"]
[Source "John Saunders"]
[SourceDate "2023.06.01"]
[SourceVersion "1"]
[SourceVersionDate "2023.06.01"]
[SourceQuality "1"]

1. e4 c5 2. Nf3 a6 3. c4 d6 4. d4 Nd7 5. Nc3 e6 6. Be2 Qc7 7. d5 e5 8. O-O g6
9. Ne1 Bg7 10. Nd3 Ne7 11. Bg4 O-O 12. Bg5 Nb6 13. Bxc8 Raxc8 14. b3 f6 15. Be3
Nd7 16. f4 Qb8 17. fxe5 dxe5 18. a4 a5 19. Qg4 f5 20. Qh3 b6 21. Rad1 Qd6 22.
Bg5 Nf6 23. Nb5 Qb8 24. d6 Nc6 25. exf5 gxf5 26. Qxf5 Rce8 27. Bxf6 Bxf6 28.
Nc7 Nd4 29. Qg4+ Bg7 30. Nxe8 Rxf1+ 31. Rxf1 Qxe8 32. d7 1-0

[Event "Burlington Staunton Int"]
[Site "London, Chiswick House"]
[Date "1994.10.??"]
[Round "?"]
[White "O'Shaughnessy, Conor"]
[Black "Franklin, Michael J"]
[Result "1-0"]
[WhiteElo "2295"]
[BlackElo "2275"]
[PlyCount "89"]
[EventDate "1994.10.??"]
[EventType "tourn"]
[EventRounds "15"]
[EventCountry "ENG"]
[SourceTitle "BritBase"]
[Source "John Saunders"]
[SourceDate "2023.06.01"]
[SourceVersion "1"]
[SourceVersionDate "2023.06.01"]
[SourceQuality "1"]

1. e4 c5 2. Nf3 a6 3. c4 d6 4. d4 Nd7 5. Nc3 e6 6. Be2 Ne7 7. O-O Ng6 8. Be3
Be7 9. Qd2 O-O 10. a3 b6 11. b4 Qc7 12. Rac1 Bb7 13. Rfd1 Nf6 14. d5 e5 15. Ne1
Bc8 16. Nd3 Ne8 17. bxc5 bxc5 18. Rb1 f5 19. exf5 Bxf5 20. Rb3 Bd8 21. f3 Nf6
22. Nf2 Ne7 23. Nfe4 Nxe4 24. Nxe4 Bxe4 25. fxe4 Qd7 26. Rdb1 Ng6 27. g3 Ra7
28. Kg2 Nh8 29. h3 Nf7 30. Bg4 Qa4 31. Qd3 Kh8 32. Rb7 Rxb7 33. Rxb7 Bf6 34.
Be6 Nd8 35. Bd7 Qa5 36. Bd2 Nxb7 37. Bxa5 Nxa5 38. Qc3 Bd8 39. Bc8 Bc7 40. Bxa6
Rb8 41. Bb5 Kg8 42. h4 Rf8 43. Qc2 h5 44. Qa4 Rd8 45. Be8 1-0

[Event "Burlington Staunton Int"]
[Site "London, Chiswick House"]
[Date "1994.??.??"]
[Round "?"]
[White "Abbasi, Nasser M"]
[Black "Whiteley, Andrew Jonathan"]
[Result "0-1"]
[WhiteElo "2275"]
[BlackElo "2305"]
[PlyCount "102"]
[EventDate "1994.10.??"]
[EventType "tourn"]
[EventRounds "15"]
[EventCountry "ENG"]
[SourceTitle "BritBase"]
[Source "John Saunders"]
[SourceDate "2023.06.01"]
[SourceVersion "1"]
[SourceVersionDate "2023.06.01"]
[SourceQuality "1"]

1. e4 e6 2. d4 d5 3. Nd2 Nf6 4. e5 Nfd7 5. f4 c5 6. c3 Nc6 7. Ndf3 cxd4 8. cxd4
h5 9. h4 Nb6 10. Bd3 Bd7 11. Ne2 Be7 12. O-O Bxh4 13. Ng5 g6 14. Nc3 Kf8 15.
Nb5 Nc8 16. Nd6 Nxd6 17. exd6 Qb8 18. Nf3 Bf6 19. Ne5 Qxd6 20. Be3 Kg7 21. Rc1
Be8 22. g4 hxg4 23. Qxg4 Ne7 24. Rc5 Nf5 25. Bxf5 exf5 26. Qf3 Qb6 27. b3 Bc6
28. Rfc1 Rac8 29. Bd2 Be7 30. R5c2 Ba3 31. Re1 Qxd4+ 32. Kg2 Bb4 33. Be3 Qe4
34. Qxe4 fxe4 35. Rec1 Ba3 36. Rd1 a6 37. Bd4 f6 38. Ng4 Be7 39. Rf2 Bd7 40.
Ne3 Bh3+ 41. Kg1 Be6 42. f5 gxf5 43. Nxf5+ Bxf5 44. Rxf5 Rhd8 45. Bf2 Kf7 46.
Rfxd5 Rxd5 47. Rxd5 Ke6 48. Rh5 Rc1+ 49. Kg2 Rc2 50. Rh4 Bc5 51. Rxe4+ Kf5 0-1